|
|
|
|
| LEADER |
00000nam0a2200000 4500 |
| 001 |
165179 |
| 005 |
20231031161644.0 |
| 020 |
|
|
|a RU
|b 91-53286
|
| 035 |
|
|
|a (RuTPU)RU\TPU\book\179190
|
| 090 |
|
|
|a 165179
|
| 100 |
|
|
|a 20090915d1991 m a0rusy5003 ca
|
| 101 |
0 |
|
|a rus
|
| 102 |
|
|
|a RU
|
| 105 |
|
|
|a a j 001zy
|
| 200 |
1 |
|
|a Расчеты на прочность и жесткость
|e основные понятия : учебное пособие
|f В. А. Жилкин
|g Челябинский государственный агроинженерный университет
|
| 210 |
|
|
|a Челябинск
|c ЧГАУ
|d 1991
|
| 215 |
|
|
|a 104 с.
|c ил.
|d 20 см
|
| 320 |
|
|
|a Библиогр.: с. 90-91. (8 назв.)
|
| 610 |
1 |
|
|a сопротивление материалов
|
| 610 |
1 |
|
|a расчеты на прочность
|
| 610 |
1 |
|
|a расчеты на жесткость
|
| 610 |
1 |
|
|a учебные пособия
|
| 610 |
1 |
|
|a напряженное состояние
|
| 610 |
1 |
|
|a перемещения
|
| 610 |
1 |
|
|a деформации
|
| 610 |
1 |
|
|a поперечные сечения
|
| 675 |
|
|
|a 539.3/.6(075.8)
|z rus
|
| 700 |
|
1 |
|a Жилкин
|b В. А.
|g Виталий Афанасьевич
|4 070
|
| 712 |
0 |
2 |
|a Челябинский государственный агроинженерный университет
|2 stltpush
|3 (RuTPU)RU\TPU\col\16089
|
| 801 |
|
0 |
|a RU
|b RuMRKP
|c 19950417
|g psbo
|
| 801 |
|
1 |
|a RU
|b 63413507
|c 20090915
|
| 801 |
|
2 |
|a RU
|b 63413507
|c 20100625
|g RCR
|
| 942 |
|
|
|c BK
|